Developing programs for faculty evaluation (Record no. 4515)

000 -LEADER
fixed length control field 00811cam a2200277 4500
001 - CONTROL NUMBER
control field 4086915
003 - CONTROL NUMBER IDENTIFIER
control field OSt
005 - DATE AND TIME OF LATEST TRANSACTION
control field 20220324065916.0
008 - FIXED-LENGTH DATA ELEMENTS--GENERAL INFORMATION
fixed length control field 740511s1974 cau b 001 0 eng
010 ## - LIBRARY OF CONGRESS CONTROL NUMBER
LC control number 73012063
020 ## - INTERNATIONAL STANDARD BOOK NUMBER
International Standard Book Number 0875892086
040 ## - CATALOGING SOURCE
Original cataloging agency DLC
Transcribing agency DLC
Modifying agency DLC
050 00 - LIBRARY OF CONGRESS CALL NUMBER
Classification number LB2333
Item number .M46 1974
082 00 - DEWEY DECIMAL CLASSIFICATION NUMBER
Classification number 378.1/2
100 1# - MAIN ENTRY--PERSONAL NAME
Personal name Miller, Richard I.
245 10 - TITLE STATEMENT
Title Developing programs for faculty evaluation
Statement of responsibility, etc. [by] Richard I. Miller.
250 ## - EDITION STATEMENT
Edition statement [1st ed.]
260 ## - PUBLICATION, DISTRIBUTION, ETC.
Place of publication, distribution, etc. San Francisco,
Name of publisher, distributor, etc. Jossey-Bass,
Date of publication, distribution, etc. c1974.
300 ## - PHYSICAL DESCRIPTION
Extent xi, 248 p.
Dimensions 24 cm.
490 0# - SERIES STATEMENT
Series statement The Jossey-Bass series in higher education
500 ## - GENERAL NOTE
General note Includes index.
504 ## - BIBLIOGRAPHY, ETC. NOTE
Bibliography, etc. note Bibliography: p. 106-238.
650 #0 - SUBJECT ADDED ENTRY--TOPICAL TERM
Topical term or geographic name entry element College teachers
General subdivision Rating of.
906 ## - LOCAL DATA ELEMENT F, LDF (RLIN)
a 7
b cbc
c orignew
d 2
e ocip
f 19
g y-gencatlg
942 ## - ADDED ENTRY ELEMENTS (KOHA)
Source of classification or shelving scheme
Koha item type Book
Suppress in OPAC CM
Holdings
Withdrawn status Lost status Source of classification or shelving scheme Damaged status Not for loan Permanent Location Current Location Shelving location Date acquired Source of acquisition Total Checkouts Full call number Barcode Date last seen Price effective from Koha item type Public note
          AU LIBRARY AU LIBRARY Open Shelf 24.03.2022 DONATION FROM MOI UNIVERSITY   LB2333 .M46 1974 28006442 24.03.2022 24.03.2022 Book CM

Powered by Koha